Một nét thơ đáng yêu /

محفوظ في:
التفاصيل البيبلوغرافية
المؤلف الرئيسي: Thiếu Mai.
التنسيق: مقال
اللغة:Vietnamese
الموضوعات:
الوسوم: إضافة وسم
لا توجد وسوم, كن أول من يضع وسما على هذه التسجيلة!
Thư viện lưu trữ: Thư viện Trường Đại học Đà Lạt
LEADER 00700nam a2200265 4500
001 DLU090068067
005 ##20090418
040 # # |a DLU  |b vie 
041 # # |a vie 
044 # # |a vn 
100 # # |a Thiếu Mai. 
245 # # |a Một nét thơ đáng yêu /  |c Thiếu Mai  
653 # # |a Nữ nhà văn 
653 # # |a Nhà thơ 
653 # # |a Thơ trữ tình 
773 # # |t Tạp chí văn học  |g Số1, 1978, tr. 39-44 
920 # # |a Phòng Tạp chí -- Trung tâm Thông tin - Thư viện Trường Đại học Đà Lạt 
994 # # |a DLU 
900 # # |a True 
911 # # |a Nguyễn Thị Linh Chi 
925 # # |a G 
926 # # |a A 
927 # # |a BB 
980 # # |a Thư viện Trường Đại học Đà Lạt